000 01185cam a2200241 4500
001 WB3820-07
008 020529n2002 000 0 eng u
035 _a(Sirsi) u118203
245 _aLate payment law gets earlier introduction
260 _c2002
490 _aRICS Faculty News
_v 23 May 2002 (1)
520 _aThe amended Late Payment Act comes into force on 7 August 2002, implementing a series of new regulations. The act is designed to speed up the process of payment to architects. The new legislation was produced after consultation carried out last year in response to a European Directive on combating late payment in commercial transactions. Further guidance about the new late payment arrangements can be found on at the Better Payment Practice Group's website www.payontime.co.uk; http://www.rics.org/ricscms/bin/show?class=News&template=/includes/shownews.html&id=2618
590 _aWB
650 _aEUROPEAN UNION
650 _aCOMMERCIAL TRANSACTIONS
650 _aSMES
650 _aARCHITECTS
650 _aSMALL BUSINESSES
650 _aLATE PAYMENTS DIRECTIVE
650 _aCOMPENSATION
690 _aMANAGEMENT-BUSINESS MANAGEMENT
942 _n0
999 _c70386
_d70386